Uso del concepto competencias para el diseño curricular de la educación superior en Colombia : análisis de documentos oficiales suscritos desde la Constitución de 1991 hasta el año 2019 : resultado de investigación /

Bibliographic Details
Main Authors: Ceballos Betancur, Wilfer Arley (Author), Portocarrero Sierra, Lorenzo (Author), Gómez Paniagua, Juan Fernando (Author)
Format: Electronic eBook
Language:Spanish
Published: Medellín, Colombia : Sello Editorial Tecnológico de Antioquia, [2020]
Edition:Primera edición.
Subjects:
Online Access:Digitalia Hispánica

MARC

LEADER 00000nam a2200000 i 4500
001 DIGTECANT0034
003 NyNyDIG
007 cr |||||||||||
008 250508s2020 ck ob 000 0 spa d
006 m o d
035 |a (OCoLC)1519502852 
040 |a DGITA  |b eng  |e rda  |e pn  |c DGITA 
020 |a 9789585309937  |q versión digital 
020 |z 9789585309920  |q versión impresa 
043 |a s-ck--- 
050 1 4 |a LC1033.5.C6 ebook 
100 1 |a Ceballos Betancur, Wilfer Arley,  |e author. 
245 1 0 |a Uso del concepto competencias para el diseño curricular de la educación superior en Colombia :  |b análisis de documentos oficiales suscritos desde la Constitución de 1991 hasta el año 2019 : resultado de investigación /  |c investigadores, Wilfer Arley Ceballos Betancur, Lorenzo Portocarrero Sierra, Juan Fernando Gómez Paniagua. 
250 |a Primera edición. 
264 1 |a Medellín, Colombia :  |b Sello Editorial Tecnológico de Antioquia,  |c [2020] 
300 |a 1 online resource. 
336 |a text  |b txt  |2 rdacontent 
337 |a computer  |b c  |2 rdamedia 
338 |a online resource  |b cr  |2 rdacarrier 
347 |a text file  |2 rdaft 
347 |b PDF 
504 |a Includes bibliographical references. 
588 0 |a Online resource; title from PDF title page (Digitalia, viewed May 8, 2025) 
650 0 |a Competency-based education  |z Colombia. 
650 0 |a Curriculum planning  |z Colombia. 
650 0 |a Education  |x Curricula  |z Colombia. 
700 1 |a Portocarrero Sierra, Lorenzo,  |e author. 
700 1 |a Gómez Paniagua, Juan Fernando,  |e author. 
791 2 |a Digitalia (Firm),  |e distributor. 
793 0 |g Digitalia eBook Collection:  |a Tecnológico de Antioquia 
776 0 8 |i Print version:  |a Ceballos Betancur, Wilfer Arley.  |t Uso del concepto competencias para el diseño curricular de la educación superior en Colombia.  |b Primera edición.  |d Medellín, Colombia : Sello Editorial Tecnológico de Antioquia, [2020]  |z 9789585309920 
856 4 0 |3 Digitalia Hispánica  |u https://www.digitaliapublishing.com/a/170580/ 
910 |a Premium collection: 2025